书目信息 |
| 题名: |
野外紧急维生食物
|
|
| 作者: | 王九棠 著 | |
| 分册: | ||
| 出版信息: | 重庆 重庆大学出版社 2013.08 |
|
| 页数: | 68页 | |
| 开本: | 23cm | |
| 丛书名: | 惠民小书屋 | |
| 单 册: | ||
| 中图分类: | Q949-49 , Q95-49 | |
| 科图分类: | ||
| 主题词: | 野生植物--普及读物 , 野生动物--普及读物 , 野生植物 , 野生动物 | |
| 电子资源: | ||
| ISBN: | 978-7-5624-7401-2 | |
| 000 | 00954oam2 2200313 450 | |
| 001 | 006266305 | |
| 005 | 20140610104556.95 | |
| 010 | @a978-7-5624-7401-2@dCNY25.00 | |
| 100 | @a20131119d2013 em y0chiy0110 ea | |
| 101 | 0 | @achi |
| 102 | @aCN@b500000 | |
| 105 | @aa z 000yy | |
| 106 | @ar | |
| 200 | 1 | @a野外紧急维生食物@9ye wai jin ji wei sheng shi wu@f王九棠著 |
| 210 | @a重庆@c重庆大学出版社@d2013.08 | |
| 215 | @a68页@c图@d23cm | |
| 225 | 2 | @a惠民小书屋@i我爱自然系列 |
| 330 | @a本书介绍了椿象、蚱蝉、蜻蜓、蝗虫螽斯、蝼蛄、凤眼莲、野姜花、野蔷薇山栀子、野菊花等野外动植物的相关知识。 | |
| 333 | @a一般读者 | |
| 462 | 0 | @12001 @a惠民小书屋@i我爱自然系列 |
| 606 | 0 | @a野生植物@j普及读物 |
| 606 | 0 | @a野生动物@j普及读物 |
| 606 | 0 | @a野生植物 |
| 606 | 0 | @a野生动物 |
| 690 | @aQ949-49@v5 | |
| 690 | @aQ95-49@v5 | |
| 701 | 0 | @a王九棠@9wang jiu tang@4著 |
| 801 | 0 | @aCN@b人天书店@c20131119 |
| 905 | @b846433-36@dQ949-49@e247@f4 | |
| 野外紧急维生食物/王九棠著.-重庆:重庆大学出版社,2013.08 |
| 68页:图;23cm.-(惠民小书屋.我爱自然系列) |
| 使用对象:一般读者 |
| ISBN 978-7-5624-7401-2:CNY25.00 |
| 本书介绍了椿象、蚱蝉、蜻蜓、蝗虫螽斯、蝼蛄、凤眼莲、野姜花、野蔷薇山栀子、野菊花等野外动植物的相关知识。 |
| ● |
| 相关链接 |
|
|
|
|
正题名:野外紧急维生食物
索取号:Q949-49/247
 
预约/预借
| 序号 | 登录号 | 条形码 | 馆藏地/架位号 | 状态 | 备注 |
| 1 | 846433 | 208464339 | 第二样本阅览室/ [索取号:Q949-49/247] | 在馆 | |
| 2 | 846434 | 208464348 | 密集书库-生命科学系/ [索取号:Q949-49/247] | 在馆 | |
| 3 | 846435 | 208464357 | 第三借阅区/ [索取号:Q949-49/247] | 在馆 | |
| 4 | 846436 | 208464366 | 第三借阅区/ [索取号:Q949-49/247] | 在馆 |